| 000 | 00585nam a2200193 4500 | ||
|---|---|---|---|
| 001 | 116528 | ||
| 003 | ES-MaACL | ||
| 005 | 20230906190724.0 | ||
| 007 | t| | ||
| 008 | 061121s1999 sp r ||||1| spa d | ||
| 100 | 1 |
_aOteiza, Jorge de. _987869 |
|
| 245 | 1 | 0 |
_aQuousque tandem _b: ensayo de interpretación artística del alma vasca / _cJorge de Oteiza. |
| 260 |
_aSan Sebastián ; Zarauz : _bAuñamendi : Icharopena, _c1963. |
||
| 300 |
_a289 p. : _bil. ; _c24 cm. |
||
| 490 | 1 | _aAzkue | |
| 830 | 0 |
_aAzkue _9186375 |
|
| 852 |
_aES-MaACL _jC-23910 _bR.52247 |
||
| 999 |
_c116528 _d116528 |
||